| 000 | 00691nam a2200229Ia 4500 | ||
|---|---|---|---|
| 001 | 14030 | ||
| 003 | GE_BSU | ||
| 008 | 181216s||||||||xx |||||||||||||| ||und|| | ||
| 040 | _cGE_BSU | ||
| 080 | _a621.1.016(075.8):536 | ||
| 100 | _aПреоброженский,В.П. | ||
| 245 | _aТеплотехнические измерения и приборы. | ||
| 245 | _bУчебник. | ||
| 245 | _cРед. М.А.Панько. | ||
| 250 | _a3-е изд. переаб. | ||
| 260 | _aМ. | ||
| 260 | _bЭнергия. | ||
| 260 | _c1978. | ||
| 300 | _a704 стр. с илл. 21 см. | ||
| 653 | _aТеплотехнические измерения и приборы. | ||
| 942 | _cBK | ||
| 999 |
_c47172 _d47172 |
||